Ideario y ruta de la emancipación chilena.

Tallennettuna:
Bibliografiset tiedot
Päätekijä: Eyzaguirre Gutiérrez, Jaime (autor)
Aineistotyyppi: Kirja
Kieli:espanja
Julkaistu: Santiago, Chile: Universitaria, 1979.
Painos:Octava edición.
Sarja:Colección Imagen de Chile.
Aiheet:
Tagit: Lisää tagi
Ei tageja, Lisää ensimmäinen tagi!

MARC

LEADER 00000cam a2200000 a 4500
001 UCP9652
003 CL-VaPUC
005 20231215105921.0
008 000331e19790000CL |||||||||||||||||spa|d
999 |c 286441  |d 286439 
040 |c Pontificia Universidad Católica de Valparaíso 
082 0 4 |a 983.04 EYZ 1979  |2 21 
100 |a Eyzaguirre Gutiérrez, Jaime  |e autor  |9 584583 
245 1 0 |a Ideario y ruta de la emancipación chilena.  
250 |a Octava edición.  
260 |a Santiago, Chile:   |b Universitaria,   |c 1979.  
300 |a 165 páginas.  
490 0 |a Colección Imagen de Chile.  
500 |a c.4 Donación Familia Prof. Alejandro Guzmán Brito. 
583 |a last modification  |c 20160711 11:44:20  |k Rodrigo Vera 
650 0 |a Historia de Chile  |9 265473 
650 0 |a Guerra de independencia   |2 CL-VaPUC  |9 327964  |z Chile  |z España 
942 |c BK  |2 ddc  |n 0 
945 |d 20000331 00:00:00  |a lriquelm 
952 |0 0  |1 0  |2 ddc  |4 0  |6 983_040000000000000_EYZ_1979  |7 0  |8 A  |9 332372  |a BIBHIS  |b BIBHIS  |d 2019-11-20  |i 1251635  |o 983.04 EYZ 1979  |p 1251635  |r 2025-01-20  |t 1  |w 2019-11-20  |y BK  |k HIS 
952 |0 0  |1 0  |2 ddc  |4 0  |6 983_040000000000000_EYZ_1979  |7 0  |8 A  |9 332373  |a BIBHIS  |b BIBHIS  |d 2019-11-20  |i 1251643  |o 983.04 EYZ 1979  |p 1251643  |r 2025-01-20  |t 2  |w 2019-11-20  |y BK  |k HIS 
952 |0 0  |1 0  |2 ddc  |3 erb  |4 0  |6 983_040000000000000_EYZ_1979  |7 0  |8 A  |9 332374  |a FDOHBE  |b FDOHBE  |e Huesbe Llanos, Marco Antonio, 1934-  |i 5308194  |o 983.04 EYZ 1979  |p 5308194  |r 2024-01-30  |t 3  |w 2019-11-20  |y BK  |z Catalogado en:20160713  |k HBE